000 01813nam a2200409 a 4500
999 _c161611
_d161611
003 BLK
005 20240415130916.0
008 180410b bul|||||r ||||||| ||bul||
010 _aKNG00168936000
040 _aBLK
041 _aBUL
_cBUL
072 7 _2bullib
_aК
_xКраезнание
072 7 _2bullib
_aЦ
_xРедки и ценни
080 _aБългарска литература
_b821.163.2
_x-2
_z821.163.2-2
100 _aСтанчев, Тодор
_d1849-1903
_gЖурналист, литератор, общественик, театрален деец.
_qДрагошинов, Тодор Хаджистанчев
_eпърви автор
_9378312
139 _aХаджистанчев, Тодор
_bХ 16
245 1 0 _aСимеон
_bБългарски цар : историческа драма в 4 действия
_cТ. Х. Станчев.
250 _a2. прераб. изд.
257 _aBGR
260 _aРусчук
_bСлавянин
_c1883
_fРусчук : скоропеч. на в. Славянин
_9217280
300 _a47 с.
_c21 см
380 _aX
490 _9435080
_aКолекция Редки и ценни издания
500 _a1. изд. 1880.
600 1 4 _aСимеон I, цар български
_9270335
852 _aРб 883
_bРц
852 _aК 821.163.2/Х 16 Т
_bК
856 4 _qpdf
_i0.00
_lreg users access
_fСимеон
_uhttp://185.138.176.146:18082/cgi-bin/koha/opac-retrieve-file.pl?id=6236e9562285b2aa558f5d07eb0e82f1
_xebook
_zСимеон
856 4 _qpdf
_i0.00
_ldisable
942 _cKNG
_n0
_s1
944 _aCR
_c18.12.2014
_lМоника Янева
_k30570
944 _aED
_c2023-04-11
_kКети
999 _d161611
999 _d161611
999 _d161611
999 _d161611